Produktionsforum '88 <Die> CIM-fähige Fabrik. Zukunftssichernde Planung und erfolgreiche Praxisbeispiele. 8. IAO-Arbeitstagung 4./5. Mai 1988 in Stuttgart
Salvato in:
| Altri autori: | |
|---|---|
| Natura: | Libro |
| Lingua: | tedesco |
| Pubblicazione: |
Berlin
Springer
1988
|
| Edizione: | 1. Aufl. |
| Tags: |
Nessun Tag, puoi essere il primo ad aggiungerne!!
|
MARC
| LEADER | 00000nam a2200000 4500 | ||
|---|---|---|---|
| 001 | c035367 | ||
| 005 | 20221206134511.8 | ||
| 041 | 0 | |a ger | |
| 044 | |a DE | ||
| 245 | 1 | 0 | |a Produktionsforum '88 |b <Die> CIM-fähige Fabrik. Zukunftssichernde Planung und erfolgreiche Praxisbeispiele. 8. IAO-Arbeitstagung 4./5. Mai 1988 in Stuttgart |c Red. H.J. Bullinger |
| 250 | |a 1. Aufl. | ||
| 264 | 1 | |a Berlin |b Springer |c 1988 | |
| 300 | |a 617 s. | ||
| 700 | 1 | |a Bullinger, H.J. | |